LEADER 00838nam a2200193 i 4500 001 000000239815 003 CaOOAMICUS 005 20150319000000.0 008 150319s1773 it u000 u fre u 013 $a218720 026 $a38o- nte- V.i. j'ce (3) 1773 (R) 040 $aSeMil$bita 245 10$aTome 2. 300 $a[4], IV, 467, [5] p. 500 $aSegn. : pgr4 A-T12 V8. 773 0 $aBayle, Pierre <1647-1706>$tAnalyse raisonnée de Bayle, ou Abrégé méthodique de ses ouvrages, particulierement de son Dictionnaire historique et critique, dont les remarques ont ete fondues dans le texte, pour former un corps ... Tome 1. [-8.].$dA Londres : [s.n.], 1773.$g2$w()31596 850 $aSeMil 852 $aSeMil$W1$xVenegono$y1$m3E I 93 FA$j190161$B190161$CSeMilBibl$Z2$F201010 $8I 996 $6245$aTome 2$9(OLS)http://semarc/title/1533 LEADER 00953nam a2200229 i 4500 001 000000102425 003 CaOOAMICUS 005 20240405102929.0 008 180830s1977 xx u000 u und u 040 $aSeMil$bita 100 1 $aValeri, Diego,$d<1887-1976>.$0(OLS)http://semarc/name/29798 245 10$aCittà materna :$bPadova /$cDiego Valeri ; con quattro disegni di Bernardino Palazzi. 264 1$aBologna :$bMassimiliano Boni,$c1977. 300 $a156 p., [4] carte di tav. :$bill. ;$c20 cm 490 1 $aIl ventaglio ;$v2 700 1 $aPalazzi, Bernardino.$0(OLS)http://semarc/name/43913 830 3$aIl ventaglio ;$v2.$0(OLS)http://semarc/title/8404 850 $aSeMil 852 $aSeMil$W1$xVenegono$y1$m423 3 2 *$j58939$B58939$CSeMilBibl$Z2$F69937 $81 996 $6245$aCittà materna :$bPadova$9(OLS)http://semarc/title/149101 996 $6264$aBologna :$bMassimiliano Boni$9(OLS)http://semarc/publisher/31742